00597nam a2200205Ia 450000500170000000800410001702000240005804000190008204100120010108200190011324500620013226000260019430000140022044000290023450400500026365000190031365100230033270000260035585000100038120230111125406.0131103s9999 xx 000 0 und d a582045398cGBP 9.99 aLoreto College aEnglish a821.4bMIL-PAT aJohn Miltoncedited and introduction by Annabel Patterson aLondonbLongmanc1992 ax,238 p.  aLongman Critical Readers aIncludes bibliographical references and index aEnglish Poetry aMilton - Criticism aPatterson,Annabel,ed. aLCLIB